Gaming Quiz

Random Gaming or Letter Quiz
Score 0/20 Timer 03:00
0 Plays Today
Letter Pokémon % Correct
ARattata, Bulbasaur, Charmander...
96.2%
ECharmeleon, Caterpie, Butterfree
87.8%
BBulbasaur, Krabby
82.7%
GJigglypuff, Wigglytuff, Dewgong...
69.1%
TWartortle, Butterfree, Pidgeotto...
65.6%
FJigglypuff, Wigglytuff, Farfetch'd...
65%
DOddish, Geodude, Dodrio...
63.8%
OPidgeotto
63.6%
NVenonat, Nidoran♀, Nidorina...
59%
MMachamp, Magnemite, Mr. Mime...
50.1%
Letter Pokémon % Correct
KKakuna, Kangaskhan
48.2%
LShellder, Bellsprout, Weepinbell...
47.5%
IPoliwhirl, Dratini, Lickitung...
43.6%
RButterfree, Charmander, Charizard...
43.3%
ZElectabuzz
40.7%
HRhyhorn, Hitmonchan
28.3%
SBlastoise, Sandshrew, Sandslash
27.3%
WMewtwo
26.7%
UBulbasaur, Venusaur
18%
PPrimeape
11.7%
Remove Ads.
Support Sporcle.
Get the best of Sporcle when you Go Orange. This ad-free experience offers more features, more stats, and more fun while also helping to support Sporcle. Thank you for becoming a member.

You're not logged in!

Compare scores with friends on all Sporcle quizzes.
OR
Log In

Show Comments

Extras

Top Quizzes Today


Score Distribution

Your Account Isn't Verified!

In order to create a playlist on Sporcle, you need to verify the email address you used during registration. Go to your Sporcle Settings to finish the process.

Report this User

Report this user for behavior that violates our Community Guidelines.

Details: